000 00778nam a22002777a 4500
001 10136
003 FISKH
005 20260428100159.0
008 260423b cb ||||| |||| 00| 0 eng d
020 _a9780462004921
040 _aFISKH
_beng
_cFISKH
_dFISKH
050 _aPZ7
082 _a599.8
100 _aBlack, Todd
_eAuthor
245 _aCities /
_cWritten by Todd Black
260 _aSingapore :
_bMarshall Cavendish International ,
_c2008
300 _a16 pages :
_bphotographs ;
_c16 x 19 cm
490 _aMy pals are here! Reading stars :
_v8d
505 _aG
520 _aA book with cities of each country.
521 8 _a350
_bLexile estimate
521 8 _aG
_bRaz-Plus
650 _aCountries
_vCities
942 _2ddc
_cBK
_n0
999 _c10136
_d10136